NBA Player of the Week - 10 or More Times - Statistics

General Stats
  • This quiz has been taken 19 times
    6 since last reset
  • The average score is 28 of 41
Answer Stats
Times Won Last Won Player % Correct
16 2013-14 Dirk Nowitzki
100%
27 2024-25 James Harden
100%
33 2024-25 Kevin Durant
100%
20 2011-12 Kevin Garnett
100%
33 2012-13 Kobe Bryant
100%
70 2025-26 LeBron James
100%
25 2002-03 Michael Jordan
100%
17 2011-12 Paul Pierce
100%
20 2004-05 Shaquille O'Neal
100%
20 2023-24 Stephen Curry
100%
23 2007-08 Allen Iverson
75%
14 2021-22 Chris Paul
75%
15 1997-98 David Robinson
75%
18 2011-12 Dwight Howard
75%
19 2015-16 Dwyane Wade
75%
28 2025-26 Giannis Antetokounmpo
75%
12 1996-97 Hakeem Olajuwon
75%
17 2008-09 Jason Kidd
75%
14 2023-24 Joel Embiid
75%
11 2025-26 Kawhi Leonard
75%
15 1987-88 Larry Bird
75%
18 2025-26 Luka Dončić
75%
18 1990-91 Magic Johnson
75%
20 2025-26 Nikola Jokić
75%
20 2020-21 Russell Westbrook
75%
23 2014-15 Tim Duncan
75%
11 2024-25 Anthony Davis
50%
19 2019-20 Carmelo Anthony
50%
11 1994-95 Clyde Drexler
50%
13 2025-26 Jayson Tatum
50%
23 2001-02 Karl Malone
50%
12 1996-97 Patrick Ewing
50%
11 2022-23 Paul George
50%
10 2025-26 Shai Gilgeous-Alexander
50%
12 2007-08 Tracy McGrady
50%
11 1996-97 Charles Barkley
25%
16 2022-23 Damian Lillard
25%
10 2024-25 Devin Booker
25%
10 2017-18 LaMarcus Aldridge
25%
11 2006-07 Vince Carter
25%
15 2023-24 DeMar DeRozan
0%
No matching quizzes found
Score Distribution
Percent of People with Each Score
Percentile by Number Answered
Your Score History
You have not taken this quiz since the last reset